000 00690 a2200217 4500
999 _c6575
_d6575
020 _a9780697394798
050 _aQP34.5 SEE 1998
100 _aSeeley, Rod R.
_eauthor
245 _aAnatomy & physiology :
_bstudent study art notebook /
_cRod R. Seeley, Trent D. Stephens & Philip Tate
250 _a4th ed.
264 _aBoston :
_bMcGraw-Hill/ WCB,
_c1998.
300 _a348p. :
_bill (col.)
500 _aStudent study art notebook
650 _aHuman physiology
650 _aHuman anatomy
650 _aPhysiology -- atlases
650 _aAnatomy -- atlases
700 _aStephens, Trent D.
_eauthor
700 _aTate, Philip
_eauthor
942 _2lcc
_cBK
_e4th ed.
_h34.5
_iSEE
_kQP